00974nam a2200241Ia 4500001000600000003000900006008004100015040001300056040001300069041001300082100001700095100002900112245007000141245003000211250001100241260000900252260000800261260004900269300005700318500030700375650001900682650003100701C9255IT-RoPAU130308s9999 xx 000 0 und d aIT-RoPAU cIT-RoPAU aITALIANO aGenero Guido gCodice Aut. SPICS: 11499 aRuolo del canto e della musica nella celebrazione dell'eucaristia bGiovani Liturgia e Musica a1a ed. aROMA bLas c1994 [1° Ed.:1994 - Ed.Ling.Originale:1994] a"9 p. (prefazione: no ; testo: 9 [pagine: 167-175])" aMondo del Suono e Contesto della Musica Rituale. voce Umana per Il Canto Liturgico. Canti della Struttura rituale dell'Eucaristia. rassegna dei Momenti Cantati della celebrazione Eucaristica. Modalità di partecipazione e Ministerialità Differenziata. Varietà di Generi e forme Vocali Strumentali. aSAGGI MUSICALI eCodice materia Spics: 7011